Giáo trình cho sinh viên các trường lớp dự bị Đại học : Tiếng Anh
Giới thiệu 24 bài học tiếng Anh cơ bản cùng cấu trúc mỗi bài gồm các phần: hội thoại, luyện tập, luyện tập nâng cao, tóm tắt ngôn ngữ
Wedi'i Gadw mewn:
| Fformat: | Llyfr |
|---|---|
| Iaith: | Undetermined |
| Cyhoeddwyd: |
Cần Thơ
Nxb. Đại học Cần Thơ
2013
|
| Pynciau: | |
| Tagiau: |
Ychwanegu Tag
Dim Tagiau, Byddwch y cyntaf i dagio'r cofnod hwn!
|
| Thư viện lưu trữ: | Trung tâm Học liệu Trường Đại học Cần Thơ |
|---|
| LEADER | 00934nam a2200205Ia 4500 | ||
|---|---|---|---|
| 001 | CTU_229766 | ||
| 008 | 210402s9999 xx 000 0 und d | ||
| 082 | |a 428.007 | ||
| 082 | |b Gi108 | ||
| 245 | 0 | |a Giáo trình cho sinh viên các trường lớp dự bị Đại học : | |
| 245 | 0 | |b Tiếng Anh | |
| 245 | 0 | |c Dự án phát triển giáo viên THPT&TCCN. Trường Đại học Sư phạm - Đại học Huế | |
| 260 | |a Cần Thơ | ||
| 260 | |b Nxb. Đại học Cần Thơ | ||
| 260 | |c 2013 | ||
| 520 | |a Giới thiệu 24 bài học tiếng Anh cơ bản cùng cấu trúc mỗi bài gồm các phần: hội thoại, luyện tập, luyện tập nâng cao, tóm tắt ngôn ngữ | ||
| 650 | |a Tiếng Anh,English | ||
| 650 | |x Dạy và học,Study and teaching | ||
| 910 | |b nthai | ||
| 980 | |a Trung tâm Học liệu Trường Đại học Cần Thơ | ||